| 000 | 00433nam a2200193Ia 4500 | ||
|---|---|---|---|
| 008 | 170918s9999 xx 000 0 und d | ||
| 020 | _a9780590440158 | ||
| 050 | _bB845 1989 | ||
| 100 | _aBrett, Jan | ||
| 245 | 4 | _aThe mitten / | |
| 245 | _cby Jan Brett. | ||
| 260 | _aNew York : | ||
| 260 | _bScholastic, | ||
| 260 | _c1989 | ||
| 300 | _aunpaged : | ||
| 300 | _bcolor illustration ; | ||
| 300 | _c20cm. | ||
| 500 | _a800 | ||
| 999 |
_c343089 _d343089 |
||